MARC

LEADER 00000nam0a2200000 4500
001 258002
005 20231101233244.0
035 |a (RuTPU)RU\TPU\book\280833 
090 |a 258002 
100 |a 20140422d1987 m y0rusy50 ca 
101 0 |a rus 
102 |a UZ 
105 |a a j 001zy 
200 1 |a Мобильные робототехнические системы  |e учебное пособие  |f П. Ф. Хасанов, Х. Н. Назаров  |g Ташкентский политехнический институтим. А. Б. Беруни (ТашПИ) 
210 |a Ташкент  |c Изд-во ТашПИ  |d 1987 
215 |a 96 с.  |c ил. 
320 |a Библиогр.: с. 90-94. 
606 1 |a Роботизированные системы  |2 stltpush  |3 (RuTPU)RU\TPU\subj\25260  |9 49462 
610 1 |a учебные пособия 
610 1 |a классификация 
610 1 |a устройства 
610 1 |a манипуляционные системы 
610 1 |a интеллект 
675 |a 621.865.8(075.8)  |v 3 
700 1 |a Хасанов  |b П. Ф.  |g Пулат Фаттахович 
701 1 |a Назаров  |b Х. Н.  |g Хайриддин Нуритдинович 
712 0 2 |a Ташкентский политехнический институтим. А. Б. Беруни (ТашПИ)  |2 stltpush  |3 (RuTPU)RU\TPU\col\6741 
801 1 |a RU  |b 63413507  |c 20140422 
801 2 |a RU  |b 63413507  |c 20141120  |g RCR 
942 |c BK